01335cam a2200277 a 450000100100000000500170001000800410002704000250006808200140009311000890010724503450019626000460054130000210058749000480060850000900065650400430074665000370078965000300082670000210085670000350087770000260091270000230093870000220096170000240098383000500100700001300620200929163124.0770128s1968 ve b 000 0 spa  aDO-SdBNPbspacBNPHU annnbT7752 aUniversidad Central de Venezuela.bInstituto de Ciencias Penales y Criminológicas.10aTrastornos de la conducta juvenil :btrabajo de investigación realizado en el Instituto de Ciencias Penales y Criminológicas /cbajo la dirección del doctor Tulio Chiossone, director del Instituto, y la colaboración de Ximena Rodríguez de Canestri, Omar Arenas Candelo y Nilda Hernández ; traductores Luz de Njai, Mati Raitán. aCaracas :bImprenta Universitaria,c1968. a337 p. ;c24 cm.1 aPublicaciones de la Facultad de Derechov39 a"Proyecto de legislación: Ley de justicia y protección de menores": p. [285]-332. aIncluye bibliografía (p. [333]-337). 0aJuvenile delinquencyzVenezuela. 0aChild welfarezVenezuela.1 aChiossone, Tulio1 aRodríguez de Canetri, Ximena1 aArenas Candello, Omar1 aHernández, Nilda1 aNjai, Luz deetr.1 aRaitán, Matietr. 0aPublicaciones de la Facultad de Derecho ;v39